Can you name some of Taylor Swift's unreleased songs? - Statistics

General Stats
  • This quiz has been taken 9 times
  • The average score is 15 of 35
Answer Stats
Answer % Correct
Battle (Let's Go)
100%
I'd Lie
78%
Revenge
78%
Dark Blue Tennessee
67%
Lucky You
67%
Permanent Marker
67%
Better Off
56%
Nevermind
56%
All Night Diner
44%
Diary of Me
44%
Diary of Me
44%
Didn't They
44%
Just South Of Knowing Why/Drive All Night
44%
Long Time Going
44%
My Cure
44%
Need You Now
44%
Sweet Tea And God's Graces
44%
Tell Me
44%
What To Wear
44%
Your Face
44%
Drive All Night
33%
I Know What I Want
33%
Smokey Black Nights
33%
Ten Dollars And A Six Pack
33%
Thirteen Blocks
33%
Wait For Me
33%
You Don't Have To Call Me
33%
Your Anything
33%
American Girl
22%
Matches
22%
Me and Britney
22%
Songs About You
22%
Sugar
22%
Ain't Nothing Bout You
11%
American Singer
11%
No matching quizzes found
Score Distribution
Percent of People with Each Score
Percentile by Number Answered
Your Score History
You have not taken this quiz